000
00238 a2200097 4500
020
_a
9789390681716
100
_a
Subrahmanian Kuttikkol
245
_a
Chyavanaparvam(ച്യവനപർവ്വം)
260
_b
SPCS
_c
2021
942
_c
OO
999
_c
115429
_d
115428